Statistics for Guess the Arctic Monkeys song with no hints.

Click here to take the quiz!

General Stats

  • This quiz has been taken 208 times
  • The average score is 133 of 276

Answer Stats

Lyrics% Correct
i
96%
I
96%
a
95%
A
95%
ya
90%
you?
90%
You
90%
you
90%
when
86%
When
86%
The
84%
the
84%
Do
78%
do
78%
an
76%
to
74%
be
72%
we
72%
and
69%
And
69%
on
69%
your
68%
it
64%
It
64%
where
64%
in
59%
are
58%
have
56%
men
56%
want
55%
of
54%
Of
54%
for
53%
like
53%
Like
53%
they
53%
They
53%
she
52%
can
51%
that
51%
That
51%
what
51%
but
48%
were
48%
you're
45%
Don't
44%
don't
44%
it's
44%
up
44%
all
43%
get
43%
time
43%
us
43%
Not
42%
at
40%
did
39%
teddy
38%
picker
37%
told
35%
joke
34%
joke?
34%
people
34%
tell
34%
list
33%
or
33%
wasn't
32%
with
32%
before
31%
even
31%
there's
31%
over
30%
point
30%
provoke
30%
punchline
30%
Top
30%
make
29%
television
29%
morning
28%
quick
28%
Saw
28%
seen
28%
sorry
28%
sped
28%
take
28%
100
27%
after
27%
bent
27%
doesn't
27%
dream
27%
Let's
27%
quicker?
27%
screen
27%
bolder
26%
fucking
26%
means
26%
Staring
26%
desperation
25%
enough
25%
exist
25%
game
25%
getting
25%
kids
25%
making
25%
surprised
25%
thousandth
25%
Well
25%
whatever
25%
Who'd
25%
any
24%
dying
24%
Save
24%
They've
24%
thick
24%
pretender
23%
professional
23%
reckon
23%
replace
23%
says
23%
seemed
23%
thicker
23%
turn
23%
twist
23%
Already
22%
defenders
22%
equal
22%
gagging
22%
magazine
22%
Plenty
22%
sunshine
22%
prayer
21%
things
21%
Another
20%
around
20%
'em
20%
grabbed
20%
kiss?
20%
oath
20%
fist
19%
variation
19%
bollocks
17%
tangle
17%
theme
17%
ya
17%
concern
16%
poseur
13%
Presuming
13%
replaced
13%

Score Distribution

Percentile by Number Answered

Percent of People with Each Score

Your Score History

You have not taken this quiz